The Art of Disney Pixar BRAVE (Record no. 6333)

000 -LEADER
fixed length control field 00310nam a2200133Ia 4500
008 - FIXED-LENGTH DATA ELEMENTS--GENERAL INFORMATION
fixed length control field 190704s9999||||xx |||||||||||||| ||und||
020 ## - INTERNATIONAL STANDARD BOOK NUMBER
International Standard Book Number 978452101422
082 ## - DEWEY DECIMAL CLASSIFICATION NUMBER
Classification number 700
Item number LER/T
100 ## - MAIN ENTRY--PERSONAL NAME
Personal name Lerew, Jenny
245 #4 - TITLE STATEMENT
Title The Art of Disney Pixar BRAVE
260 ## - PUBLICATION, DISTRIBUTION, ETC.
Name of publisher, distributor, etc. Chronical Books
300 ## - PHYSICAL DESCRIPTION
Extent 159p
942 ## - ADDED ENTRY ELEMENTS (KOHA)
Koha item type Book

No items available.

All Rights Reserved@MUIT

Powered by Koha